000 00840cam a22002657a 4500
001 16785576
005 20171219075136.0
008 110518s2011 ilua b 001 0 eng d
010 _a 2011420832
020 _a9781584262596
020 _a1584262591
035 _a(OCoLC)ocn654469276
040 _aTZA
_cTZA
_dCDX
_dYSY
_dDLC
041 _aeng
042 _alccopycat
080 _a610.285 JOH
082 0 0 _a610.285 JOH
_223
100 _a4
101 _aSHM
245 0 0 _aHealth information management technology :
_cMerida L. Johns, editor.
504 _aIncludes bibliographical references and index.
906 _a7
_bcbc
_ccopycat
_d2
_encip
_f20
_gy-gencatlg
942 _2ddc
_cBK
999 _c39174
_d39174